Great Athlete by Country - North America - Statistics

General Stats
  • This quiz has been taken 20 times
  • The average score is 11 of 23
Answer Stats
Athlete Sport Country % Correct
Wayne Gretzky Ice Hockey Canada
100%
Tom Brady American Football United States of America
94%
Usain Bolt Track and Field Jamaica
88%
Hugo Sanchez Soccer Mexico
71%
Javier Sotomayor Track and Field Cuba
59%
Roberto Duran Boxing Panama
59%
Paulo Wanchope Soccer Costa Rica
53%
Pedro Martinez Baseball Dominican Republic
53%
Steven Gardiner Track and Field Bahamas
47%
Magico Gonzalez Soccer El Salvador
47%
Kirani James Track and Field Grenada
47%
Carlos Ruiz Soccer Guatemala
47%
Carlos Pavon Soccer Honduras
47%
Kim Collins Track and Field St. Kitts and Nevis
47%
Brian Lara Cricket Trinidad and Tobago
41%
Garfield Sobers Cricket Barbados
35%
Joe Cooke Soccer Dominica
35%
Levern Spencer Track and Field St. Lucia
35%
Adonal Foyle Basketball St. Vincent and the Grenadines
35%
Viv Richards Cricket Antigua and Barbuda
29%
Colin Thurton Track and Field Belize
29%
Silvio Cator Track and Field Haiti
29%
Ricardo Mayorga Boxing Nicaragua
18%
No matching quizzes found
Score Distribution
Percent of People with Each Score
Percentile by Number Answered
Your Score History
You have not taken this quiz